[Event "Arad op 9th"]
[Site "Arad"]
[Date "2016.08.10"]
[Round "7"]
[White "Andreescu, Darie Ioan"]
[Black "Ceausescu, Iulian"]
[Result "1-0"]
[WhiteElo "2213"]
[BlackElo "1917"]
[PlyCount "103"]
[EventDate "2016.08.06"]
[EventType "swiss"]
[EventRounds "9"]
[EventCountry "ROU"]
[SourceTitle "CBM 173 Extra"]
[Source "ChessBase"]
[SourceDate "2016.08.29"]
[SourceVersion "1"]
[SourceVersionDate "2016.08.29"]
[SourceQuality "1"]

1. d4 d5 2. c4 e6 3. Nc3 Nf6 4. Bg5 Be7 5. e3 0-0 6. Nf3 Nbd7 7. Qc2 h6 8. Bf4 c6 9. cxd5 exd5 10. h3 Ne4 11. Bd3 f5 12. 0-0 Bd6 13. Bxd6 Nxd6 14. Ne2 Qf6 15. Rab1 g5 16. b4 a6 17. a4 Ne4 18. Nh2 h5 19. f3 Nd6 20. e4 Ne8 21. e5 Qf7 22. g4 hxg4 23. fxg4 f4 24. h4 Qg7 25. hxg5 Qxg5 26. Nf3 Qe7 27. Kf2 a5 28. Rh1 Ndf6 29. exf6 Qe3+ 30. Kg2 Nxf6 31. Bh7+ Kf7 32. Ne5+ Ke8 33. Rh3 f3+ 34. Rxf3 Qg5 35. Qg6+ Qxg6 36. Bxg6+ Ke7 37. g5 Ng4 38. Rxf8 Kxf8 39. Nxg4 Bxg4 40. Nf4 Kg7 41. Kg3 Bc8 42. Bh5 Bf5 43. Rb2 b5 44. Bd1 Re8 45. axb5 Re3+ 46. Kf2 Re4 47. b6 Rxf4+ 48. Kg3 Re4 49. b7 Re8 50. bxa5 Rb8 51. a6 Bc8 52. Bg4 1-0